|
|
|
|
| LEADER |
00000cam a22000004a 4500 |
| 001 |
musev2_2685 |
| 003 |
MdBmJHUP |
| 005 |
20230905040342.0 |
| 006 |
m o d |
| 007 |
cr||||||||nn|n |
| 008 |
070605s2008 pau o 00 0 eng d |
| 010 |
|
|
|z 2007022654
|
| 020 |
|
|
|a 9781592136445
|
| 020 |
|
|
|z 9781592136438
|
| 020 |
|
|
|z 9781592136421
|
| 035 |
|
|
|a (OCoLC)244300798
|
| 040 |
|
|
|a MdBmJHUP
|c MdBmJHUP
|
| 050 |
0 |
4 |
|a HV5801
|b .D415 2008
|
| 082 |
0 |
|
|a 363.45
|2 22
|
| 100 |
1 |
|
|a Decker, Scott H.
|
| 245 |
1 |
0 |
|a Drug Smugglers on Drug Smuggling :
|b Lessons from the Inside /
|c Scott H. Decker and Margaret Townsend Chapman.
|
| 264 |
|
1 |
|a Philadelphia :
|b Temple University Press,
|c 2008.
|
| 264 |
|
3 |
|a Baltimore, Md. :
|b Project MUSE,
|c 2012
|
| 264 |
|
4 |
|c ©2008.
|
| 300 |
|
|
|a 1 online resource (221 pages):
|b ill. ;
|
| 336 |
|
|
|a text
|b txt
|2 rdacontent
|
| 337 |
|
|
|a computer
|b c
|2 rdamedia
|
| 338 |
|
|
|a online resource
|b cr
|2 rdacarrier
|
| 504 |
|
|
|a Includes bibliographical references (p. [203]-206) and index.
|
| 505 |
0 |
|
|a Motivation for the study -- Organization of the study -- Drug smuggling organizations -- Movement of drugs -- Roles, recruitment into, and remaining involved in the drug smuggling trade -- Balancing risk and reward -- Making sense of drug smuggling : conclusions and summary.
|
| 588 |
|
|
|a Description based on print version record.
|
| 650 |
|
0 |
|a Drug dealers.
|
| 650 |
|
0 |
|a Drug traffic.
|
| 655 |
|
7 |
|a Electronic books.
|2 local
|
| 700 |
1 |
|
|a Chapman, Margaret Townsend,
|d 1972-
|
| 710 |
2 |
|
|a Project Muse.
|e distributor
|
| 830 |
|
0 |
|a Book collections on Project MUSE.
|
| 856 |
4 |
0 |
|z Texto completo
|u https://projectmuse.uam.elogim.com/book/2685/
|
| 945 |
|
|
|a Project MUSE - Custom Collection
|
| 945 |
|
|
|a Project MUSE - Archive Complete Foundation
|
| 945 |
|
|
|a Project MUSE - Archive Global Cultural Studies Foundation
|